00446nam a2200121 a 450000100100000000500170001000800410002704000250006811100820009324500540017526000750022930000200030400002683320200930030434.0110325s1955 dr 000 0 spa d aDO-SdBNPbspacBNPHU2 aFeria de la Paz y Confraternidad del Mundo Libre.d(1955 :cCiudad Trujillo )10aFeria de la Paz y Confraternidad del Mundo Libre. aCiudad Trujillo, República Dominicana :bEditora del Caribe.,c1955. a57 p. ;c23 cm.